000 01279nam a22002657a 4500
005 20170124103205.0
010 _aB-056622
020 _c550.00
_a8185999333
035 _aB-056622
037 _bCen Lib/Ret
040 _aDPL
_bHN
082 _a320.5322
_bस्वाधीन
245 _aस्वाधीनता और समाजवाद :
_cसंपादक रामविलास शर्मा
_bश्रीरामवृक्ष बेनीपुरी /
246 _aSwadhinta aur samajvad : Shriramvriksh Benipuri /
_bsampadak Ramvilas Sharma
260 _aदिल्ली
_bस्वराज प्रकाशन
_c2001
270 _bदिल्ली
_a146-डी-16, सेक्टर-7, रोहिणी
_e110085
300 _a432पृ.
_c20सेमी(सजिल्द)
500 _aअनुक्रमाणिका शामिल
650 _aसमाजवादी क्रांति -- रूस
_944951
650 _aदलित और मुस्लमान
_993465
650 _aSocialist revolution - Russia
_993466
650 _aDalits and Muslims
_993467
700 _aशर्मा, रामविलास
_993468
942 _2ddc
_cHN
_h320.5322
_mस्वाधीन
999 _c120936
_d120936